| 000 | 00685pam a2200205 a 4500 | ||
|---|---|---|---|
| 020 | _a0471837199 | ||
| 082 | 0 | 0 |
_a628.2 _bWAL _cNUST |
| 100 | 1 |
_aWalesh, S. G. _940121 |
|
| 245 | 1 | 0 |
_aUrban surface water management / _cStuart G. Walesh. |
| 260 |
_aNew York : _bWiley, _cc1989. |
||
| 300 |
_axvii, 518 p. : _bill. ; _c24 cm. |
||
| 500 | _a"A Wiley-Interscience publication." | ||
| 526 |
_a0 _b0 _c0 _d628_200000000000000_WAL |
||
| 650 | 0 |
_aNUST _96342 |
|
| 650 | 0 |
_aUrban hydrology. _944231 |
|
| 650 | 0 |
_aUrban runoff. _944186 |
|
| 856 | 4 | _uhttp://www.loc.gov/catdir/toc/onix03/88027704.html | |
| 856 | 4 | 2 | _uhttp://www.loc.gov/catdir/description/wiley033/88027704.html |
| 942 |
_2ddc _cBK |
||
| 999 |
_c548063 _d548063 |
||